00784nam a2200205 a 4500001001000000003000900010005001700019008004100036020001800077040003000095082001900125100003500144245014100179260008700320300002700407500002400434504004900458650004300507650002800550000015613DO-SdBNP20240614130835.0100215s2009 dr a 000 0 spa d a9789945415322 aDO-SdBNPbspacBNPHUerda a658.408bM623p1 aMichelén E., Jesús Elías10aPrimer estudio de percepción de la responsabilidad social empresarial (RSE) en República Dominicana /cJesús Elías Michelén E. aSanto Domingo :bPontificia Universidad Católica Madre y Maestra (PUCMM),c2009. a93 P. :bil. ;c29 cm. aIncluye notas p. 91 aIncluye referencias bibliográficas (p. 93) 4aResponsabilidad social de los negocios 0aÉtica en los negocios